LEADER 01693nas 2200397 n 450 001 990008898570403321 005 20240229084533.0 011 $a1125-4769 035 $a000889857 035 $aFED01000889857 035 $a(Aleph)000889857FED01 035 $a000889857 091 $2CNR$aP 00053292 100 $a20161109b19491953km-y0itaa50------ba 101 0 $aita 102 $aIT 110 $aauu-------- 200 1 $aAnnali di diritto internazionale 207 1$a1949-1953 210 $aMilano$cISPI 326 $aTrimestrale 430 0$1001000895110$12001$aDiritto internazionale 440 0$1001000895111$12001$aDiritto internazionale [1954] 530 0 $aAnnali di diritto internazionale 675 $a341 712 02$aIstituto per gli studi di politica internazionale 801 0$aIT$bACNP$c20090723 859 4 $uhttp://acnp.cib.unibo.it/cgi-ser/start/it/cnr/dc-p1.tcl?catno=36077&person=false&language=ITALIANO&libr=&libr_th=unina1$zBiblioteche che possiedono il periodico 901 $aSE 912 $a990008898570403321 958 $aBiblioteca Centrale della Facoltà di Giurisprudenza dell'Università di Napoli Federico II$b1949-1953.$ePer. est. 379$fFGBC 959 $aFGBC 996 $aAnnali di diritto internazionale$9801201 997 $aUNINA AP1 8 $6866-01$aNA073 Biblioteca Centrale della Facoltà di Giurisprudenza dell'Università di Napoli Federico II$bPer. est. 379$eCorso Umberto I, 80138 Napoli (NA)$m0812537531/33$m0812537532$nit AP2 40$aacnp.cib.unibo.it$nACNP Italian Union Catalogue of Serials$uhttp://acnp.cib.unibo.it/cgi-ser/start/it/cnr/df-p.tcl?catno=36077&language=ITALIANO&libr=&person=&B=1&libr_th=unina&proposto=NO LEADER 01794oam 2200313z- 450 001 9910157597903321 005 20230913112557.0 010 $a1-62517-797-6 035 $a(CKB)3710000001001596 035 $a(BIP)051838760 035 $a(Exl-AI)993710000001001596 035 $a(EXLCZ)993710000001001596 100 $a20210505c2015uuuu -u- - 101 0 $aeng 200 10$aAwakened In Shadows 210 $cKats Kreative Ideas 215 $a1 online resource (374 p.) 330 8 $aCan someone constantly on the receiving end of betrayal learn to trust again?Dietrich Omari Johnson trusts no one. Sold into slavery by his own people, he learns early what the sharp edge of betrayal feels like. Working for the Shadow Unit is out of forced necessity. Never one to do something for nothing, he plays both sides of the fence. Every move, every decision, is calculated for his own personal gain.Jorunn McLellan, given into the care of the Unit's meanest team member, tries to make the best of a frightening situation. The dominating Walker hides behind his shades, and harsh comments, yet still manages to heat up her body.Can she put to rest the emotions Dietrich awakens and move on with her life before he steals her soul and shatters her heart? Or is the glimpse he allows her to see enough to fight for what she knows is his only chance for happiness?**PNR, Multicultural, Dark Paranormal Romance**+18 606 $aParanormal romance stories$7Generated by AI 606 $aBetrayal$7Generated by AI 615 0$aParanormal romance stories 615 0$aBetrayal 700 $aEden$b Tigris$01024240 702 $aHoward$b Jenn$4oth 702 $aRomero$b Danielle$4oth 906 $aBOOK 912 $a9910157597903321 996 $aAwakened In Shadows$93600029 997 $aUNINA